Detalles MARC
| 000 -LEADER |
| fixed length control field |
01642 am a2200469 a 4500 |
| 005 - FECHA ULTIMA MODIFICACION |
| control field |
20240701112658.0 |
| 008 - CAMPO DE CONTROL (LIBRO) |
| fixed length control field |
100830s1998||||mx a f |||| 001 0 spa d |
| 020 ## - INTERNATIONAL STANDARD BOOK NUMBER |
| ISBN |
9682523524 |
| 041 ## - CODIGO DE IDIOMA |
| Código de idioma del texto/pista de sonido o título separado |
spa |
| 092 ## - SIGNATURA TOPOGRAFICA DEWEY LOCAL |
| número de clasificación |
617 |
| libristica |
77 |
| sección |
SCH |
| 100 1# - ENTRADA PRINCIPAL--NOMBRE PERSONAL |
| Nombre personal |
Schwartz, Seymour I. |
| 9 (RLIN) |
1316 |
| 245 ## - TITULO PROPIAMENTE DICHO |
| Título |
Principios de Cirugía. |
| Subtítulo y Título paralelo |
T.1 / |
| Mención de responsabilidad y remanente de la transcripción de la portada |
Seymour I. Schwartz |
| 250 ## - MENCION DE EDICION |
| Mención de edición |
6a ed. |
| 260 ## - PIE DE IMPRENTA |
| Lugar de publicación, distribución, etc |
México: |
| Nombre de la editorial, distribuidor, etc |
Interamericana ; McGraw-Hill; |
| Fecha de publicación |
1998. |
| 300 ## - DESCRIPCION FISICA |
| Extension |
1-1019 p. |
| Otros detalles físicos |
il. |
| 500 ## - NOTA GENERAL |
| Nota general |
Schwartz, S. I., Shires III, G. T. y Spencer, F. C. (1998). Principios de Cirugía. T.1 (6a ed.). México : Interamericana ; McGraw-Hill. |
| 653 ## - TÉRMINO INDIZADO - PALABRAS CLAVES |
| Palabra clave |
Respuestas endocrinas y metabolicas a lesiones |
| 653 ## - TÉRMINO INDIZADO - PALABRAS CLAVES |
| Palabra clave |
Atención hidroelectrolitica y nutricional del paciente quirúrgico |
| 653 ## - TÉRMINO INDIZADO - PALABRAS CLAVES |
| Palabra clave |
Hemostasia, hemorragia quirúrgica y transfusión |
| 653 ## - TÉRMINO INDIZADO - PALABRAS CLAVES |
| Palabra clave |
Choque |
| 653 ## - TÉRMINO INDIZADO - PALABRAS CLAVES |
| Palabra clave |
Infecciones quirúrgicas |
| 653 ## - TÉRMINO INDIZADO - PALABRAS CLAVES |
| Palabra clave |
Traumatismos |
| 653 ## - TÉRMINO INDIZADO - PALABRAS CLAVES |
| Palabra clave |
Quemaduras |
| 653 ## - TÉRMINO INDIZADO - PALABRAS CLAVES |
| Palabra clave |
Cuidado y cicatrización de heridas |
| 653 ## - TÉRMINO INDIZADO - PALABRAS CLAVES |
| Palabra clave |
Oncología |
| 653 ## - TÉRMINO INDIZADO - PALABRAS CLAVES |
| Palabra clave |
Transplantes |
| 653 ## - TÉRMINO INDIZADO - PALABRAS CLAVES |
| Palabra clave |
Complicaciones quirúrgicas |
| 653 ## - TÉRMINO INDIZADO - PALABRAS CLAVES |
| Palabra clave |
Vigilancia fisiológica del paciente quirúrgico |
| 653 ## - TÉRMINO INDIZADO - PALABRAS CLAVES |
| Palabra clave |
Piel y tejido subcutáneo |
| 653 ## - TÉRMINO INDIZADO - PALABRAS CLAVES |
| Palabra clave |
Mama |
| 653 ## - TÉRMINO INDIZADO - PALABRAS CLAVES |
| Palabra clave |
Tumores de cabeza y cuello |
| 653 ## - TÉRMINO INDIZADO - PALABRAS CLAVES |
| Palabra clave |
Pared torácica, pleura, pulmón y mediastino |
| 653 ## - TÉRMINO INDIZADO - PALABRAS CLAVES |
| Palabra clave |
Cardiopatías congénitas |
| 653 ## - TÉRMINO INDIZADO - PALABRAS CLAVES |
| Palabra clave |
Cardiopatías adquiridas |
| 653 ## - TÉRMINO INDIZADO - PALABRAS CLAVES |
| Palabra clave |
Enfermedad de los grandes vasos |
| 653 ## - TÉRMINO INDIZADO - PALABRAS CLAVES |
| Palabra clave |
Enfermedades arteriales periféricas |
| 700 1# - ENTRADAS SECUNDARIAS - NOMBRE PERSONAL |
| Nombre personal |
Shires III, G. Tom. |
| 9 (RLIN) |
1317 |
| 700 1# - ENTRADAS SECUNDARIAS - NOMBRE PERSONAL |
| Nombre personal |
Spencer, Frank C. |
| 9 (RLIN) |
1318 |
| 930 ## - NUMERO DE INVENTARIO |
| Número de inventario |
868 |
| 930 ## - NUMERO DE INVENTARIO |
| Número de inventario |
871 |
| 942 ## - ADDED ENTRY ELEMENTS (KOHA) |
| Source of classification or shelving scheme |
Dewey Decimal Classification |
| Item type |
Libros |